The declaration of the genlemen [sic] and others now in armes in the county of Hereford. By commission from his highnesse the Prince of Wales: under the command of Sir Henry Lyngen knight, collonell generall of the said countie.

Bibliographic Details
Other Authors: Charles II, King of England, 1630-1685
Format: eBook
Language:English
Published: [S.l. : publisher not identified, 1648]
Series:Early English books online.
Subjects:
Online Access:Connect to the full text of this electronic book

MARC

Tag First Indicator Second Indicator Subfields
LEADER 00000nam a2200000 4500
001 in00004288513
005 20200813082312.0
006 m g d
007 cr bn |||a|bb|
008 940803s1648 enk o 00| | eng d
035 |a (UnM)99869615 
037 |a CL0051000009  |b ProQuest Information and Learning. 300 N. Zeeb Rd., Ann Arbor, MI 48106 
040 |a Cu-RivES  |c Cu-RivES  |d CStRLIN  |e dcrb  |d WaOLN 
245 0 4 |a The declaration of the genlemen [sic] and others now in armes in the county of Hereford.  |b By commission from his highnesse the Prince of Wales: under the command of Sir Henry Lyngen knight, collonell generall of the said countie. 
246 2 |a Declaration of the gentlemen and others now in armes in the county of Hereford 
260 |a [S.l. :  |b publisher not identified,  |c 1648] 
300 |a 1 online resource (1 sheet ([1] pages) 
336 |a text  |b txt  |2 rdacontent 
337 |a computer  |b c  |2 rdamedia 
338 |a online resource  |b cr  |2 rdacarrier 
500 |a Publication date from Wing. 
500 |a Annotation on Thomason copy: "August 22 1648". 
500 |a Reproduction of the original in the British Library. 
510 4 |a Wing (2nd edition)  |c D675. 
510 4 |a Thomason  |c 669.f.13[4]. 
533 |a Electronic reproduction.  |b Ann Arbor, Mich. :  |c UMI,  |d 1999-  |f (Early English books online)  |n Digital version of: (Thomason Tracts ; 246:669f13[4])  |7 s1999 miun s 
600 0 0 |a Charles  |b I,  |c King of England,  |d 1625-1649  |v Early works to 1800. 
651 0 |a Great Britain  |x History  |y Civil War, 1642-1649  |v Early works to 1800. 
651 0 |a Herefordshire (England)  |x History  |y 17th century  |v Early works to 1800. 
700 1 |a Charles  |b II,  |c King of England,  |d 1630-1685. 
830 0 |a Early English books online. 
856 4 0 |u http://proxy.library.tamu.edu/login?url=https://search.proquest.com/docview/2240952357  |z Connect to the full text of this electronic book  |t 0 
999 f f |s 26b7c077-b71c-34d2-935b-d6bb023982f3  |i 1269fc71-4676-3802-b69e-86ff92738611  |t 0 
952 f f |a Texas A&M University  |b College Station  |c Electronic Resources  |d Available Online  |t 0  |h No information provided 
998 f f |t 0  |l Available Online